00973nam a2200289Ia 4500952011500000999001700115003000400132005001700136008004100153020002000194020001500214040000900229041001300238050002500251100002300276245014000299246002600439260005200465300002300517500004500540650002800585700002400613700001400637700001400651700001100665942000700676 00104070aGETSbGETScGENd2020-08-15l0oBV210.3 .T6512 2005p00002739r2020-08-15 00:00:00w2020-08-15yCB c11880d11880OSt20210407140855.0200815s9999||||xx |||||||||||||| ||und|| a 9781885216601 a1885216602 cGETS aengheng aBV210.3b.T6512 2005 aTolson, Chester L. 0a禱告的醫治大能 b= Healing power of prayer /c陶森 (Chester L. Tolson), 康寧 (Harold G. Koenig) 著; 劉晴吟, 董文芳译 a祷告的医治大能 aEl Monte, Calif. : b台福傳播中心,c2005 a245 p.b; c21 cm. aTranslation of: Healing power of prayer. aPrayer -- Christianity. aKoenig, Harold G. a劉晴吟 a董文芳 a陶森 cCB